000 01036nam a22002535a 4500
005 20090720161955.0
008 090630s2009 ii a 000 0ceng
010 _aENG-94486
020 _a9788180546457
_c110.00
035 _aEN-78019
037 _bDBAD / PUB
040 _adpl
_bEnglish
082 _a346.07
100 _aKapoor, N.D.
245 _aBusiness Laws /
_cby N.D. Kapoor
250 _a9th ed.
260 _aNew Delhi
_bSultan Chand & Sons
_c2009
270 _a23, Daryaganj
_bNew Delhi
_e110002
300 _aVarious pagings
_c26cm(pbk)
500 _aFor B.Com VI semester and B.B.M. IV semester, new syllabus of Banglore University and other equivalent courses.
520 _aContributed write ups on women at panchayat level in Maharashtra and their political contributions.
942 _2ddc
_cEN
_mKAP
_h346.07
999 _c28473
_d28473